| 000 | 00437nam a2200181Ia 4500 | ||
|---|---|---|---|
| 001 | 21412 | ||
| 005 | 20260306172917.0 | ||
| 008 | 260306t1999||||xx |||||||||||||| ||spa|| | ||
| 041 | _aESP | ||
| 082 |
_a344.83 _bT53 |
||
| 100 |
_aTiedemann, Klaus _eAUT |
||
| 245 | 0 | _aTemas de derecho penal económico y ambiental | |
| 260 | _c1999 | ||
| 300 |
_a410 páginas : _ccm. |
||
| 650 | _aGEN | ||
| 654 | _aCDE | ||
| 942 |
_cLIB _dJUS _fJUS _2ddc _n |
||
| 999 |
_c21412 _d21412 |
||